000 00493nam a2200181Ia 4500
001 33065
003 IN-NITTTR
005 20251114233436.0
008 251113s9999||||xx |||||||||||||| ||eng||
040 _beng
040 _cIN-NITTTR
041 _aeng
082 _aLB2844.1.N4
100 _aSchwarzer, David
245 0 _aSuccessful Teaching :
_b What Every Novice Teacher Needs to Know /
_cSchwarzer, David, Grinberg, Jaime G. A.
700 _a Grinberg, Jaime G. A.
942 _2ddc
_cBK
999 _c35615
_d35615